Water management performance and challenges in OECD countries

Enregistré dans:
Détails bibliographiques
Format: Livre
Langue:anglais
Publié: Paris OECD 1998
Sujets:
Tags: Ajouter un tag
Pas de tags, Soyez le premier à ajouter un tag!

MARC

LEADER 00000nam a2200000 4500
001 c120268
005 20221221084909.2
020 |a 92-64-16078-7 
041 0 |a eng 
044 |a FR 
245 1 0 |a Water management  |b performance and challenges in OECD countries 
264 1 |a Paris  |b OECD  |c 1998 
300 |a 35 s. 
610 2 0 |a vodohospodárstvo 
610 2 0 |a toky vodné 
610 2 0 |a voda 
610 2 0 |a vodárenstvo 
610 2 0 |a OECD